Twenty One Pilots-Scaled And Icy- Sudden Death - Statistics

General Stats
  • This quiz has been taken 64 times
  • The average score is 10 of 11
Answers on the Grid
Answers color-coded by a green-red scale on the quiz's grid according to % correct below.
No Chances
Routines In The Night
Cancer
Choker
Level Of Concern
Saturday
Bounce Man
Robot Voices
The Hype
Good Day
Jumpsuit
The Outside
Shy Away
Never Take It
Ride
Levitate
Mulberry Street
Overcompensate
Fall Away
Ode To Sleep
Formidable
Goner
We Don't Believe What's on TV
Redecorate
The Run And Go
One Way
Rawfear
Leave The City
 
Answer Stats
Answer % Correct
No Chances
98%
Choker
96%
Saturday
96%
Bounce Man
92%
Good Day
92%
Shy Away
92%
Mulberry Street
90%
Never Take It
90%
The Outside
90%
Redecorate
88%
Formidable
85%
No matching quizzes found
Score Distribution
Percent of People with Each Score
Percentile by Number Answered
Your Score History
You have not taken this quiz